=LDR 00000nam 2200000 4500 =001 INLIS000000000015953 =005 20200811080457 =035 ##$$a 0010-061300000015953 =008 200811################g##########0#ind## =041 ##$$a Ind =082 ##$$a 2x7.2 =090 ##$$a 2x7.2, Abd r =100 ##$$a Abdurrahman, K. H. E =245 1#$$a Recik-recik dakwah /$c K. H. E. Abdurrahman =260 ##$$a Bandung :$b Sinar Baru,$c 1993 =650 #4$$a Dakwah - Islam =850 ##$$a NBPNMAT =084 ##$$a 2x7.2 ABD r =300 ##$$a viii, 337 hlm ; $c 20 x 14 cm =990 ##$$a 97.918/pro96 =990 ##$$a 97.919/pro96